000
00301nam a22001097a 4500
008
160427b xxu||||| |||| 00| 0 eng d
020
_a
0397546483
041
_a
eng
080
_a
318.2
245
_a
Cardiac nursing:
_c
Sandra L. Underhill; Susan L.Woods; Erika S. Sivarajan Froelicher;
942
_2
udc
_c
BK
999
_c
1636
_d
1636